| 000 | 00000nam 2200000zi 4500 |
| 001 | 9.947119 |
| 003 | CaOODSP |
| 005 | 20250213131628 |
| 006 | m o d f |
| 007 | cr b|||||||||| |
| 008 | 250120e198807##oncad o f000 0 eng d |
| 040 | |aCaOODSP|beng|erda|cCaOODSP |
| 043 | |an-cn--- |
| 086 | 1 |aCo24-3/2-42-1988E-PDF |
| 245 | 00|aContrast of attitudes between Department of Communications employees and federal public servants. |
| 264 | 1|a[Ottawa] : |bGovernment of Canada, Department of Communications, Program Evaluation Division, |cJuly, 1988. |
| 300 | |a1 online resource (74, 9 pages) : |billustrations, graphs. |
| 336 | |atext|btxt|2rdacontent |
| 337 | |acomputer|bc|2rdamedia |
| 338 | |aonline resource|bcr|2rdacarrier |
| 490 | 1 |aBackground Study = Étude préalable |
| 490 | 0 |aDOC program evaluation series |
| 500 | |aDigitized edition from print [produced by Innovation, Science and Economic Development Canada]. |
| 500 | |aIncludes some text in French. |
| 610 | 10|aCanada. |bCommunications Canada. |bProgram Evaluation Division. |
| 610 | 16|aCanada. |bCommunications Canada. |bDivision de l'eĢvaluation des programmes. |
| 650 | 0|aCommunication in public administration|zCanada. |
| 650 | 0|aCivil service|zCanada|xAttitudes. |
| 650 | 6|aCommunication dans l'administration publique|zCanada. |
| 650 | 6|aFonction publique|zCanada|xAttitudes. |
| 710 | 1 |aCanada. |bDepartment of Communications, |eissuing body. |
| 710 | 1 |aCanada. |bDepartment of Communications. |bProgram Evaluation Division, |eissuing body. |
| 830 | #0|aBackground study (Canada. Department of Communications. Program Evaluation Division)|w(CaOODSP)9.875277 |
| 856 | 40|qPDF|s4.93 MB|uhttps://publications.gc.ca/collections/collection_2025/isde-ised/co24/Co24-3-2-42-1988-eng.pdf |